000 00469nam a2200169 i 4500
001 60828
003 ES-MaACL
005 20230906164319.0
007 t|
008 031107s1966 sp ||||1| cat d
100 1 _aEstrade, Sebastiá.
_948239
245 1 0 _aMés enllá no hi ha fronteres
_b: novella /
_cSebastiá Estradé.
250 _a[1ª ed.].
260 _a[Barcelona :
_bEstela,
_c1966]
300 _a146 p. ;
_c17 cm.
852 _aES-MaACL
_jC-30598
_bR.70077
999 _c60828
_d60828